Understanding physics, / (Record no. 29099)

000 -LEADER
fixed length control field 00671 a2200193 4500
020 ## - INTERNATIONAL STANDARD BOOK NUMBER
International Standard Book Number 0471464406
020 ## - INTERNATIONAL STANDARD BOOK NUMBER
International Standard Book Number 9780471464402
082 04 - DEWEY DECIMAL CLASSIFICATION NUMBER
Classification number 530
090 ## - LOCALLY ASSIGNED LC-TYPE CALL NUMBER (OCLC); LOCAL CALL NUMBER (RLIN)
-- 468
-- 468
100 1# - MAIN ENTRY--PERSONAL NAME
Personal name Cummings, Karen.
245 10 - TITLE STATEMENT
Title Understanding physics, /
Statement of responsibility, etc. Karen Cummings, Priscilla W. Laws, Edward F. Redish, Patrick J. Cooney.
260 ## - PUBLICATION, DISTRIBUTION, ETC.
Place of publication, distribution, etc. [S.l.] :
Name of publisher, distributor, etc. Wiley,
Date of publication, distribution, etc. 2004.
300 ## - PHYSICAL DESCRIPTION
Extent 361 p. ;
Dimensions 29 cm.
700 1# - ADDED ENTRY--PERSONAL NAME
Personal name Laws, Priscilla W.
700 1# - ADDED ENTRY--PERSONAL NAME
Personal name Redish, Edward F.
700 1# - ADDED ENTRY--PERSONAL NAME
Personal name Cooney, Patrick J.
942 ## - ADDED ENTRY ELEMENTS (KOHA)
Institution code [OBSOLETE] SNS
Koha item type Book
Call number prefix 530 CUM
Holdings
Withdrawn status Lost status Damaged status Not for loan Permanent Location Current Location Date acquired Total Checkouts Full call number Barcode Date last seen Date last checked out Price effective from Koha item type
        School of Natural Sciences (SNS) School of Natural Sciences (SNS) 05/26/2016 1 530 CUM SNS0000401 03/22/2018 01/08/2018 05/26/2016 Book
© 2023 Central Library, National University of Sciences and Technology. All Rights Reserved.